The larger fungi of Borneo

Bibliographic Details
Main Author: PEGLER
Format: Book
Published: Kota Kinabalu, Sabah : Natural History Pub. , 1997
Subjects:

MARC

LEADER 00000cam a2200000 7i4500
001 0000001943
005 20020529.0
020 0 0 |a 9838120170 
090 0 0 |a 589.2   |b PEG 1997 
100 1 0 |a PEGLER   |h David N. 
245 1 4 |a The larger fungi of Borneo   |c David N. Pegler 
260 0 0 |a Kota Kinabalu, Sabah :   |b Natural History Pub. ,   |c 1997 
300 |a 95 p. :   |b col. ill. ;   |c 22 cm. 
500 0 0 |a Includes index 
650 0 0 |a Fungi   |z Borneo 
650 0 0 |a Fungi   |z Borneo   |x Identification 
650 0 0 |a Fungi   |z Borneo   |x Morphology 
700 0 1 |s Au   |h Kam Wah 
998 |a JPSM 
999 |a 0000003284   |b Monograph   |c Reference   |e Default branch